Malik and Amina / (Record no. 7339)
[ view plain ]
| 000 -LEADER | |
|---|---|
| fixed length control field | 00689cam a22002531 4500 |
| 001 - CONTROL NUMBER | |
| JCCL Control Number | 7339 |
| 003 - CONTROL NUMBER IDENTIFIER | |
| JCCL marc code | BD-JhCC |
| 005 - DATE AND TIME OF LATEST TRANSACTION | |
| control field | 20180422085320.0 |
| 008 - FIXED-LENGTH DATA ELEMENTS--GENERAL INFORMATION | |
| fixed length control field | 711112s1963 xx 000 0 eng |
| 035 ## - SYSTEM CONTROL NUMBER | |
| system control number | (BD-JhCC)7339 |
| 035 ## - SYSTEM CONTROL NUMBER | |
| system control number | (OCoLC)170948 |
| 040 ## - CATALOGING SOURCE | |
| Original cataloging agency | DLC |
| Transcribing agency | OTifH |
| Modifying agency | DLC |
| -- | BD-JhCC |
| 041 ## - LANGUAGE CODE | |
| Language code of Book | eng |
| 050 00 - LIBRARY OF CONGRESS CALL NUMBER | |
| Classification number | PZ7.B73775 |
| Item number | Mal |
| 082 ## - DEWEY DECIMAL CLASSIFICATION NUMBER | |
| Author mark and Year | BRA 1964 |
| Classification number | 833.914 |
| 100 1# - MAIN ENTRY--PERSONAL NAME | |
| Personal name | Braumann, Franz. |
| 245 10 - TITLE STATEMENT | |
| Title | Malik and Amina / |
| Statement of responsibility, etc | F. Braumann |
| 260 ## - PUBLICATION, DISTRIBUTION, ETC. (IMPRINT) | |
| Place of publication, distribution, etc | Indianapolis, |
| Name of publisher, distributor, etc | Bobbs-Merrill |
| Date of publication, distribution, etc | [c1963] |
| 300 ## - PHYSICAL DESCRIPTION | |
| Pagination | 143 p. |
| Other physical details | illus. |
| Dimensions | 20 cm. |
| 500 ## - GENERAL NOTE | |
| General note | Translation of Malik und Adidje. |
| 650 ## - SUBJECT ADDED ENTRY--TOPICAL TERM | |
| Topical term or geographic name as entry element | Muslim pilgrims and pilgrimages |
| Geographic subdivision | Saudi Arabia |
| 942 ## - ADDED ENTRY ELEMENTS (KOHA) | |
| Source of classification or shelving scheme | Dewey Decimal Classification |
| Koha item type | Books |
| Source of classification or shelving scheme | Damaged status | Not for loan | Home library | Current library | Shelving location | Total Checkouts | Full call number | Barcode | Date last seen | Copy number | Koha item type |
|---|---|---|---|---|---|---|---|---|---|---|---|
| Dewey Decimal Classification | JCC Rouf Library | JCC Rouf Library | General Stacks | 833.914 BRA 1964 | 9815 | 02/08/2018 | C - 1 | Books |